LEADER 01213nas 2200385- 450 001 996208950303316 005 20220307213022.0 011 $a2169-2335 035 $a(DE-599)ZDB2692945-4 035 $a(OCoLC)806221449 035 $a(CKB)2560000000093565 035 $a(CONSER)--2012203262 035 $a(EXLCZ)992560000000093565 100 $a20120815a20139999 o-- a 101 0 $aeng 135 $aur||||||||||| 181 $ctxt$2rdacontent 182 $cc$2rdamedia 183 $acr$2rdacarrier 200 10$aInternational journal of philosophy & theology 210 1$a[Abingdon, Oxfordshire, UK] :$cRoutledge, Taylor & Francis,$d2013- 300 $aRefereed/Peer-reviewed 311 $a2169-2327 517 1 $aInternational journal of philosophy and theology 531 0 $aInt. j. philos. theol. 606 $aPhilosophy and religion$vPeriodicals 606 $aPhilosophy and religion$2fast$3(OCoLC)fst01060826 608 $aPeriodicals.$2fast 615 0$aPhilosophy and religion 615 7$aPhilosophy and religion. 676 $a201.61 906 $aJOURNAL 912 $a996208950303316 996 $aInternational journal of philosophy & theology$92116673 997 $aUNISA